Представление документа в формате RUSMARC

ПолеНазваниеЗначение
  Тип записи a
  Библиографический уровень m
001 Контрольный номер UONB/MAIN/80f16702493641fb807bf6adf6fde18c
005 Дата корректировки 20260415165534.8
010 Индекс ISBN __
d Цена 25 к.
9 Тираж 3700 экз.
100 Данные общей обработки __
a Данные общей обработки 20260415d1987 u y0rusy0189 ca
101 Язык документа 0_
a Язык текста rus
102 Страна публикации __
a Страна публикации RU
105 Кодированные данные (монография) __
a Кодированные данные (монография) y z 001yy
200 Заглавие и сведения об ответственности 1_
a Заглавие Проблема народности в советском музыкальном искусстве на современном этапе
f Первые сведения об ответственности Н. Г. Шахназарова
203 Вид содержания и тип средства __
a Вид содержания Текст
b Характеристика содержания визуальный
c Тип средства непосредственный
210 Выходные данные 1_
a Место издания Москва
c Издательство Музыка
d Дата издания 1987
215 Физическое описание __
a Объем 92, [1] с.
d Формат 17 см
225 Серия 1_
a Серия Проблемы эстетики
606 Тематические рубрики 0_
a Основная рубрика Народность в литературе и искусстве
606 Тематические рубрики 0_
a Основная рубрика Советская музыка
610 Ключевые слова 0_
a Ключевые слова народность в литературе и искусстве; музыкальное искусство; музыка советская
686 Индексы других классификаций __
a Классификационный индекс 85.313(2)6
2 Код системы rubbk
700 Автор _1
a Фамилия Шахназарова
b Имя (инициалы) Н. Г.
g Полное личное имя Нелли Григорьевна
801 Источник записи _0
a Страна RU
b Организация Ульяновская ОНБ
c Дата составления 20260415
g Правила каталогизации RCR
801 Источник записи _1
a Страна RU
b Организация Ульяновская ОНБ
c Дата составления 20260415
g Правила каталогизации RCR
901 Тип документа __
t Тип документа m
909 Создатель записи __
a Создатель записи Милешина
b Дата создания записи 20260415